000 003360000a22001450004500
001 005803
003 MACL
040 _aMACL
090 _c12975
_d12974
245 _aReport Sanat o Hirfat
_bKhatri Thakur Prashad
260 _aMatba Veopari o Karigar Benaras,
_c1909
350 _a0.50
650 _aUrdu Literature
942 _k891
_cBook
999 _c12902
_d12902